El siglo XVIII

Guardat en:
Dades bibliogràfiques
Autor principal: Gárfer, José Luis (Autor)
Format: Llibre
Idioma:espanyol
Publicat: Madrid Cincel 1981
Col·lecció:Cuadernos de Estudio. Serie Literatura, 11
Matèries:
Etiquetes: Afegir etiqueta
Sense etiquetes, Sigues el primer a etiquetar aquest registre!

MARC

LEADER 00000nam a2200000 a 4500
001 UCT7306
003 CL-VaPUC
008 970117e19810000SP |||||||||||||||||spa|d
082 0 4 |a 860.9  |b GAR  |2 21 
100 0 |a Gárfer, José Luis  |e author  |9 378229 
245 1 3 |a El siglo XVIII 
300 |a 87 p 
942 |c BK 
945 |d 19970117 00:00:00  |a rleighto 
260 |a Madrid  |b Cincel  |c 1981 
650 7 |a LITERATURA ESPAÑOLA SIGLO 18  |2 CL-VaPUC  |9 353543 
650 0 |a Historia y crítica   |9 257407 
650 7 |a HISTORIA LITERARIA  |2 CL-VaPUC  |9 313318 
650 0 |a Crítica literaria   |9 269189 
583 |a last modification  |c 20160817 05:50:13  |k Rodrigo Vera 
490 0 |a Cuadernos de Estudio. Serie Literatura, 11 
999 |c 255936  |d 255934 
952 |0 0  |1 0  |4 0  |6 860_900000000000000_GAR_1981  |7 0  |8 A  |9 278434  |a BIBEDU  |b BIBEDU  |d 2019-11-19  |i 3269647  |o 860.9 GAR 1981  |p 3269647  |r 2019-11-19  |w 2019-11-19  |y BK  |k LIT